| 000 | 00594nam a22001697a 4500 | ||
|---|---|---|---|
| 999 |
_c130185 _d130185 |
||
| 008 | 200123b ||||| |||| 00| 0 eng d | ||
| 020 | _a9780099523512 | ||
| 050 | _aHN 981.V5 C65 2009 | ||
| 100 |
_aCollier, Paul _921331 |
||
| 245 |
_aWars, guns & votes: _bdemocracy in dangerous places _c/ Paul Collier |
||
| 260 |
_aLondon _bVintage Books _c2010 |
||
| 300 |
_aviii, 255p. _c20cm. |
||
| 650 |
_aPolitical violence _xDeveloping countries _949051 |
||
| 650 |
_aPower (social sciences) _xDeveloping countries _949052 |
||
| 650 |
_aDemocracy _xDeveloping countries _949053 |
||
| 942 |
_2lcc _cMONOGRAPH |
||